000 01273nam a2200253 i 4500
001 158630
003 ES-MaACL
005 20240524063006.0
008 940301m18811895sp |||| | spa d
040 _aAS
_bspa
100 1 _aManresa y Navarro, José María,
_d1818-1905
_976090
245 1 0 _aComentarios a la ley de enjuiciamiento civil reformada conforme a las bases aprobadas por la ley de 21 de junio de 1880 y publicada por Real Decreto de 3 de febrero de 1881 con formularios correspondientes a todos los juicios /
_cpor José María Manresa y Navarro.
260 _aMadrid :
_b[s.n.],
_c1881-1895 (
_fImprenta de la Revista de Legislación, a cargo de M. Ramos)
300 _a6 v. ;
_c23 cm.
510 4 _aPalau,
_c149256
530 _aDisponible en formato digital.
596 _aMarca tip. en port.
596 _aEl pie de imp. varia en v.3: Imprenta de la Revista de Legislacion, a cargo de J.M. Sarda.
597 _aVol. I (656 p.) -- vol. II (594 p.) -- vol. III (631 p.) -- vol. IV (623 p.) -- vol. V (712 p.) -- vol. VI (701 p.)
852 _aES-MaACL
_jG-14198-14203
_z-- Enc. pasta
856 _uhttp://bdh-rd.bne.es/viewer.vm?id=0000217885&page=1
_zBiblioteca Digital Hispánica
942 _2udc
999 _c158630
_d158630